| 000 | 00452cam a2200169ua 4500 | ||
|---|---|---|---|
| 041 |
_aeng _h |
||
| 082 |
_a925.2 _bKHW/TI |
||
| 100 | _aKhwaja, Ahmad Abbas . | ||
| 245 |
_aTill we reach the stars: The story of Yuri Gagarin / _cKhwaja Ahmad Abbas. _hTextual Documents |
||
| 250 |
_a1 / _b. |
||
| 260 |
_aMumbai : _bAsia Publishing House , _c1961. |
||
| 300 | _a145 ; . | ||
| 500 | _a**Reference | ||
| 504 | _a | ||
| 942 | _cBK | ||
| 999 |
_c7647 _d7647 |
||